¿Cómo vivir bien con EPOC? : (Record no. 96606)

MARC details
000 -LEADER
campo de control de longitud fija 00549nmm a2200169Ia 4500
008 - DATOS DE LONGITUD FIJA--INFORMACIÓN GENERAL
campo de control de longitud fija 251105s9999||||xx |||||||||||||||||und||
020 ## - NÚMERO INTERNACIONAL ESTÁNDAR DEL LIBRO
Número Internacional Estándar del Libro 9789588378749
041 ## - CÓDIGO DE IDIOMA
Código de lengua del texto/banda sonora o título independiente spa
100 ## - ENTRADA PRINCIPAL--NOMBRE DE PERSONA
Nombre de persona VV. AA.
245 #0 - MENCIÓN DEL TÍTULO
Título ¿Cómo vivir bien con EPOC? :
Resto del título Beneficios y guía práctica para hacer ejercicio
264 ## - PRODUCCIÓN, PUBLICACIÓN, DISTRIBUCIÓN, FABRICACIÓN Y COPYRIGHT
Producción, publicación, distribución, fabricación y copyright [Bogotá, Colombia] :
Nombre del de productor, editor, distribuidor, fabricante Universidad del Rosario,
Fecha de producción, publicación, distribución, fabricación o copyright 2009
300 ## - DESCRIPCIÓN FÍSICA
Extensión 40 páginas
490 ## - MENCIÓN DE SERIE
Mención de serie Textos de Rehabilitación y Desarrollo humano
650 ## - PUNTO DE ACCESO ADICIONAL DE MATERIA--TÉRMINO DE MATERIA
Término de materia o nombre geográfico como elemento de entrada Medicine
856 ## - LOCALIZACIÓN Y ACCESO ELECTRÓNICOS
Identificador Uniforme de Recursos <a href="https://public.digitaliapublishing.com/a/10260">https://public.digitaliapublishing.com/a/10260</a>
942 ## - ELEMENTOS DE ENTRADA SECUNDARIOS (KOHA)
Tipo de ítem Koha Libro Digital

No items available.

Powered by Koha